[Event "Challenge"]
[Site "http://www.queenalice.com/game.php?id=672812"]
[Date "2009.10.26"]
[Round "-"]
[White "Chesterton"]
[Black "arvo1938"]
[Result "0-1"]
[WhiteElo "2020"]
[BlackElo "1964"]

1. d4 Nf6 2. a3 e6 3. Nc3 d5 4. e3 c5 5. Bd2 Nc6 6. Bb5 Bd7 7. Nf3 a6 8. Be2 Bd6
9. O-O Qc7 10. Na2 O-O 11. c3 b5 12. b4 c4 13. h3 Ne4 14. Qe1 e5 15. Bc1 exd4
16. exd4 Rae8 17. Nd2 Nf6 18. Nf3 Qc8 19. Bg5 Ne4 0-1

[Event "Challenge"]
[Site "http://www.queenalice.com/game.php?id=673707"]
[Date "2009.10.28"]
[Round "-"]
[White "Chesterton"]
[Black "chuckvondra"]
[Result "0-1"]
[WhiteElo "2002"]
[BlackElo "1951"]

1. d4 Nf6 2. a3 g6 3. Nc3 Bg7 4. e4 d6 5. Bc4 O-O 6. Be3 Nc6 7. g4 Nxg4 8. h3
Nxe3 9. fxe3 e5 10. d5 Qh4+ 11. Kd2 Ne7 12. Qe2 f5 13. Nf3 Qh5 14. Nb5 fxe4 15.
Ng1 Qh4 16. Rf1 Bd7 17. Nxc7 Rxf1 18. Qxf1 Rf8 19. Qd1 Rf2+ 20. Be2 Nf5 21. Qe1
Nxe3 22. Kc3 Ng2 23. Qd2 Bh6 0-1

[Event "Challenge"]
[Site "http://www.queenalice.com/game.php?id=674502"]
[Date "2009.10.29"]
[Round "-"]
[White "lobo"]
[Black "Chesterton"]
[Result "1-0"]
[WhiteElo "1801"]
[BlackElo "1820"]

1. d4 Nf6 2. Nc3 e6 3. e4 Bb4 4. a3 Bxc3+ 5. bxc3 O-O 6. e5 Nd5 7. Qd2 f6 8. c4
Nb6 9. c5 Nd5 10. Bb2 b6 11. g3 Bb7 12. Bg2 c6 13. Qe2 bxc5 14. exf6 Qxf6 15.
Nf3 d6 16. c4 Nc7 17. dxc5 Qe7 18. cxd6 Qxd6 19. O-O Nd7 20. Rad1 Qe7 21. a4 a5
22. Nd4 Ra6 23. Rfe1 e5 24. Nf3 e4 25. Nd4 Nc5 26. Qg4 Bc8 27. Qh5 Qf7 28. Qe2
Nd3 29. Rf1 c5 30. Nb5 Nxb2 31. Qxb2 Rf6 32. Nxc7 Qxc7 33. Bxe4 Bh3 34. Rfe1
Rxf2 35. Bd5+ Kh8 36. Qc3 1-0

[Event "Challenge"]
[Site "http://www.queenalice.com/game.php?id=674571"]
[Date "2009.10.29"]
[Round "-"]
[White "Chesterton"]
[Black "astrologo"]
[Result "0-1"]
[WhiteElo "1791"]
[BlackElo "2090"]

1. d4 Nf6 2. a3 b6 3. Nc3 Bb7 4. f3 g6 5. e4 Bg7 6. g4 d6 7. Bc4 Nbd7 8. h4 h5
9. g5 Nh7 10. Be3 Nhf8 11. Qd2 e5 12. O-O-O Qe7 13. Nge2 O-O-O 14. d5 f6 15.
gxf6 Bxf6 16. Bg5 Nh7 17. Rdg1 Nxg5 18. hxg5 Bg7 19. f4 Rdf8 20. Rh4 Nc5 21. b4
Nd7 22. Nb5 exf4 23. Nxf4 Ne5 24. Nxa7+ Kb8 25. Nc6+ Bxc6 26. dxc6 Nxc4 27. Qd3
Rxf4 28. Qxc4 Qe5 29. Qa6 Qb2+ 30. Kd1 Qd4+ 0-1

[Event "Challenge"]
[Site "http://www.queenalice.com/game.php?id=674572"]
[Date "2009.10.29"]
[Round "-"]
[White "Chesterton"]
[Black "XadrezPirai"]
[Result "1-0"]
[WhiteElo "1787"]
[BlackElo "2194"]

1. d4 Nf6 2. Nc3 c6 3. e4 e6 4. a3 d5 5. e5 Nfd7 6. f4 c5 7. Nf3 Nc6 8. Be3 cxd4
9. Nxd4 Nxd4 10. Bxd4 Be7 11. Qd3 O-O 12. O-O-O Nc5 13. Qf3 b6 14. g4 Bb7 15. h4
Rc8 16. g5 Qc7 17. Rg1 Na4 18. Bb5 Nxc3 19. Qxc3 Qxc3 20. Bxc3 Bxa3 21. bxa3
Rxc3 22. Rd3 Rfc8 23. Rxc3 Rxc3 24. a4 Kf8 25. Rf1 Rh3 26. f5 exf5 27. Rxf5 1-0

[Event "Challenge"]
[Site "http://www.queenalice.com/game.php?id=675155"]
[Date "2009.10.30"]
[Round "-"]
[White "Chesterton"]
[Black "carver"]
[Result "0-1"]
[WhiteElo "1831"]
[BlackElo "1966"]

1. d4 d5 2. a3 c5 3. Nc3 cxd4 4. Qxd4 Nf6 5. Bf4 Nc6 6. Qd2 a6 7. O-O-O Bf5 8.
e3 e6 9. Bg3 Bd6 10. Bxd6 Qxd6 11. Be2 O-O 12. Nf3 Rac8 13. h4 h6 14. Nd4 Nxd4
0-1

[Event "Challenge"]
[Site "http://www.queenalice.com/game.php?id=675156"]
[Date "2009.10.30"]
[Round "-"]
[White "carver"]
[Black "Chesterton"]
[Result "1-0"]
[WhiteElo "1969"]
[BlackElo "1842"]

1. d4 d5 2. c4 e6 3. Nc3 Bb4 4. a3 Bxc3+ 5. bxc3 h6 6. cxd5 exd5 7. Bf4 Nf6 8.
e3 O-O 9. Bd3 b6 10. h3 c5 11. c4 Bb7 12. Nf3 cxd4 13. cxd5 Qxd5 14. exd4 Re8+
15. Be3 Qa5+ 16. Qd2 Qxd2+ 17. Kxd2 Ne4+ 18. Bxe4 Bxe4 19. Rhc1 1-0

[Event "Challenge"]
[Site "http://www.queenalice.com/game.php?id=675203"]
[Date "2009.10.30"]
[Round "-"]
[White "Chesterton"]
[Black "holandes"]
[Result "0-1"]
[WhiteElo "1984"]
[BlackElo "1924"]

1. d4 e6 2. Nc3 d5 3. a3 c5 4. e3 Nc6 5. Bb5 Bd7 6. Nf3 Nge7 7. dxc5 a6 8. Bd3
Qa5 9. Bd2 Qxc5 10. O-O Nf5 11. Qe2 Be7 12. b4 Qb6 0-1

[Event "Challenge"]
[Site "http://www.queenalice.com/game.php?id=676961"]
[Date "2009.11.3"]
[Round "-"]
[White "Chesterton"]
[Black "technicaldraw"]
[Result "1-0"]
[WhiteElo "2022"]
[BlackElo "2066"]

1. d4 Nf6 2. a3 e6 3. Nc3 d5 4. Bf4 Bd6 5. Bxd6 cxd6 6. Qd3 a6 7. h3 Nc6 8. f4
Qa5 9. O-O-O Bd7 10. g4 h6 11. Nf3 O-O-O 12. e3 Kb8 13. Rd2 Rc8 14. g5 Ne4 15.
Nxe4 dxe4 16. Qxe4 Nb4 17. Kb1 Bc6 18. d5 Nxd5 19. Qd4 Nc3+ 20. Qxc3 Bxf3 21.
Qxa5 Bxh1 22. Bg2 1-0

[Event "Challenge"]
[Site "http://www.queenalice.com/game.php?id=676976"]
[Date "2009.11.3"]
[Round "-"]
[White "Chesterton"]
[Black "mustangmike"]
[Result "1-0"]
[WhiteElo "1896"]
[BlackElo "1920"]

1. d4 d5 2. Nc3 Nf6 3. a3 Bf5 4. h3 g6 5. g4 Be6 6. f4 Bg7 7. e3 Nc6 8. Bb5 Qd7
9. Nf3 Qd6 10. Ne5 O-O 11. Qf3 1-0

[Event "Challenge"]
[Site "http://www.queenalice.com/game.php?id=677826"]
[Date "2009.11.4"]
[Round "-"]
[White "Chesterton"]
[Black "Matrim"]
[Result "0-1"]
[WhiteElo "1871"]
[BlackElo "2093"]

1. d4 Nf6 2. Nc3 d5 3. e3 e6 4. a3 c5 5. f4 Qa5 6. Bd2 Qb6 7. Na4 Qc6 8. b3 cxd4
9. exd4 Bd6 10. c4 dxc4 11. bxc4 Qe4+ 12. Ne2 Nc6 13. Qb3 Nxd4 14. Qb1 Nc2+ 15.
Kd1 Nxa1 16. Qxa1 Qxc4 17. Nec3 Qd4 18. Bb5+ Bd7 19. Bxd7+ Nxd7 20. Qb2 Bxf4 21.
Rf1 e5 22. g3 Bh6 0-1

[Event "Challenge"]
[Site "http://www.queenalice.com/game.php?id=677945"]
[Date "2009.11.5"]
[Round "-"]
[White "Chesterton"]
[Black "Soulpower74"]
[Result "0-1"]
[WhiteElo "1913"]
[BlackElo "2084"]

1. d4 f5 2. Nc3 Nf6 3. Bf4 e6 4. a3 Be7 5. Qd3 b6 6. e4 Ba6 7. Qg3 Bxf1 8. Kxf1
Nh5 9. Qe3 Nxf4 10. Qxf4 O-O 11. Qd2 fxe4 12. Nxe4 d5 13. Ng3 Bg5 14. f4 Rxf4+
0-1

[Event "Challenge"]
[Site "http://www.queenalice.com/game.php?id=678132"]
[Date "2009.11.5"]
[Round "-"]
[White "Chesterton"]
[Black "Andreu"]
[Result "0-1"]
[WhiteElo "1885"]
[BlackElo "1930"]

1. d4 d5 2. Nc3 e6 3. a3 c5 4. e4 cxd4 5. Qxd4 Nc6 6. Qd3 Nf6 7. e5 Nxe5 8. Qb5+
Nc6 9. Nf3 Bd6 10. Nd4 Qd7 11. Be3 O-O 12. O-O-O a6 13. Qd3 Ne5 14. Qd2 b5 15.
Na2 Nc4 16. Bxc4 bxc4 17. h3 Ne4 18. Qe2 Qa4 19. g3 Bxa3 0-1

[Event "Challenge"]
[Site "http://www.queenalice.com/game.php?id=678133"]
[Date "2009.11.5"]
[Round "-"]
[White "Chesterton"]
[Black "Andreu"]
[Result "0-1"]
[WhiteElo "1803"]
[BlackElo "1905"]

1. Nc3 e5 2. d4 exd4 3. Qxd4 Nf6 4. Bg5 Be7 5. e4 Nc6 6. Qd2 Ng4 7. Bxe7 Qxe7 8.
f3 Nge5 9. f4 Ng6 10. O-O-O d6 11. h3 O-O 12. f5 Nge5 13. g4 f6 14. Nd5 Qf7 15.
g5 fxg5 16. Qxg5 a5 17. Ne2 Nb4 18. a3 Nxd5 19. Rxd5 b6 20. Bg2 h6 21. Qg3 Bb7
22. Rd4 b5 23. Nf4 a4 24. Ng6 Nxg6 25. Qxg6 Rad8 26. Bf3 c5 0-1

[Event "Challenge"]
[Site "http://www.queenalice.com/game.php?id=678918"]
[Date "2009.11.6"]
[Round "-"]
[White "Chesterton"]
[Black "thewhitebishop"]
[Result "0-1"]
[WhiteElo "1922"]
[BlackElo "2141"]

1. d4 Nf6 2. Nc3 g6 3. a3 Bg7 4. e4 d6 5. Bc4 O-O 6. Be3 c6 7. Qe2 b5 8. Bd3 a5
9. e5 dxe5 10. dxe5 Nd5 11. Bd2 e6 12. f4 Na6 13. h4 Nc5 14. Nf3 Ba6 15. g4
Nxd3+ 16. cxd3 b4 17. Ne4 f5 18. exf6 Nxf6 19. Nc5 Re8 20. Nxe6 Bxd3 21. Qe5 Qd7
22. f5 Nxg4 0-1

[Event "Challenge"]
[Site "http://www.queenalice.com/game.php?id=679140"]
[Date "2009.11.7"]
[Round "-"]
[White "technicaldraw"]
[Black "Chesterton"]
[Result "1-0"]
[WhiteElo "2076"]
[BlackElo "1966"]

1. e4 e5 2. Nf3 d6 3. d4 exd4 4. Nxd4 Nf6 5. Nc3 Be7 6. g3 O-O 7. Bg2 c5 8. Nde2
a6 9. O-O b5 10. e5 Ra7 11. exf6 Bxf6 12. Nd5 Re8 13. Nxf6+ Qxf6 14. Nf4 Bb7 15.
Re1 Rxe1+ 16. Qxe1 h6 17. Qe8+ 1-0

[Event "Challenge"]
[Site "http://www.queenalice.com/game.php?id=769107"]
[Date "2010.5.1"]
[Round "-"]
[White "Chesterton"]
[Black "Redtom"]
[Result "0-1"]
[WhiteElo "1831"]
[BlackElo "1976"]

1. d4 f5 2. Nc3 Nf6 3. Bf4 g6 4. Nb5 d6 5. Nc3 Bg7 6. h4 Nh5 7. Nh3 O-O 8. e3
Qe8 9. Bc4+ e6 10. Nb5 Qe7 11. Bg5 Qd7 12. a4 c6 13. Nc3 d5 14. Be2 Nf6 15. Bf4
Ne4 16. Qd3 Na6 17. Nxe4 fxe4 18. Qa3 Nc7 19. Qd6 Qxd6 20. Bxd6 Rf7 21. Ng5 Rd7
22. Bb4 h6 23. Nh3 e5 24. Bc3 exd4 25. Bxd4 Bxd4 26. exd4 Rf7 27. g4 Ne6 28.
O-O-O Nf4 29. Nxf4 Rxf4 30. g5 Rxf2 0-1

[Event "Challenge"]
[Site "http://www.queenalice.com/game.php?id=769108"]
[Date "2010.5.1"]
[Round "-"]
[White "Chesterton"]
[Black "babycrocket"]
[Result "1-0"]
[WhiteElo "1817"]
[BlackElo "1771"]

1. d4 d5 2. Nc3 e6 3. a3 h6 4. Bf4 a6 5. e4 c6 6. e5 Be7 7. g3 Bg5 8. Nh3 Bxf4
9. Nxf4 Qc7 10. h4 Nd7 11. Qg4 Kf8 12. Qf3 Ne7 13. Nxe6+ 1-0

[Event "Challenge"]
[Site "http://www.queenalice.com/game.php?id=995984"]
[Date "2011.10.11"]
[Round "-"]
[White "ORNELAS"]
[Black "Chesterton"]
[Result "0-1"]
[WhiteElo "1599"]
[BlackElo "1826"]

1. e4 e5 2. d3 h6 3. Nf3 d6 4. Be3 c5 5. b3 Nf6 6. Nbd2 b5 7. c4 b4 8. g3 Bg4 9.
Bg2 Nc6 10. h3 Be6 11. Nh2 a5 12. a4 Qb6 0-1